Věstonická venuše 100 let od objevu = The Venus of Věstonice one hundred years since its discovery /

Hlavní autor: Neruda, Petr, 1970-
Další autoři: Lázničková-Galetová, Martina, Oliva, Martin, 1951-, Smith, Robin Alexander, 1974-
Jazyk: Čeština
Angličtina
Vydáno: Brno : Moravské zemské muzeum, 2025
Vydání: První vydání
Témata:
Fyzický popis: 223 stran : ilustrace (převážně barevné), mapy, portréty, plány, faksimile ; 27 cm
Language note: Souběžný anglický text
Knihy
Uloženo v:
LEADER 03445nam a2200829 i 4500
001 nkc20253690993
003 CZ PrNK
005 20251031103454.0
007 ta
008 250620s2025 xr abcef 000 0 cze
015 |a cnb003690993 
020 |a 978-80-7028-624-1  |q (brožováno) 
035 |a (OCoLC)1549631995 
040 |a OLA001  |b cze  |d ABA001  |e rda 
041 1 |a cze  |a eng  |h cze 
043 |a e-xr---  |b e-xr-jm  |2 czenas 
045 |a x-x- 
072 7 |a 903  |x Pravěk  |2 Konspekt  |9 8 
080 |a 903.2  |2 MRF 
080 |a 902.2  |2 MRF 
080 |a 903.4  |2 MRF 
080 |a 903"632.5"  |2 MRF 
080 |a 7.04  |2 MRF 
080 |a (437.322)  |2 MRF 
080 |a (048.8:082)  |2 MRF 
080 |a (082.2)  |2 MRF 
100 1 |a Neruda, Petr,  |d 1970-  |7 mzk2007382237  |4 aut 
245 1 0 |a Věstonická venuše 100 let od objevu =  |b The Venus of Věstonice one hundred years since its discovery /  |c Petr Neruda, Martina Lázničková-Galetová, Martin Oliva ; překlad: Robin Alexander Smith 
246 3 1 |a Venus of Věstonice one hundred years since its discovery 
250 |a První vydání 
264 1 |a Brno :  |b Moravské zemské muzeum,  |c 2025 
300 |a 223 stran :  |b ilustrace (převážně barevné), mapy, portréty, plány, faksimile ;  |c 27 cm 
336 |a text  |b txt  |2 rdacontent 
336 |a statický obraz  |b sti  |2 rdacontent 
337 |a bez média  |b n  |2 rdamedia 
338 |a svazek  |b nc  |2 rdacarrier 
504 |a Obsahuje bibliografii a bibliografické odkazy 
546 |a Souběžný anglický text 
630 0 7 |a Věstonická venuše  |7 unn20251277079  |2 czenas 
648 4 |a 1925-2025 
648 7 |a 20. století  |7 ch460558  |2 czenas 
650 0 7 |a artefakty (archeologie)  |7 ph752785  |z Česko  |2 czenas 
650 0 7 |a archeologické výzkumy  |7 ph118577  |z Česko  |y 20. století  |2 czenas 
650 0 7 |a archeologické nálezy  |7 ph137683  |z Česko  |y 20. století  |2 czenas 
650 0 7 |a sídliště (archeologie)  |7 ph137685  |z Česko  |2 czenas 
650 0 7 |a archeologické lokality  |7 ph118575  |z Česko  |2 czenas 
650 0 7 |a mladý paleolit  |7 ph914270  |z Česko  |2 czenas 
650 0 7 |a umělecké náměty  |7 ph138227  |2 czenas 
650 0 9 |a artefacts (archaeology)  |z Czechia  |2 eczenas 
650 0 9 |a excavations (archaeology)  |z Czechia  |y 20th century  |2 eczenas 
650 0 9 |a antiquities  |z Czechia  |y 20th century  |2 eczenas 
650 0 9 |a settlements  |z Czechia  |2 eczenas 
650 0 9 |a archaeological sites  |z Czechia  |2 eczenas 
650 0 9 |a upper paleolithic period  |z Czechia  |2 eczenas 
650 0 9 |a artistic themes  |2 eczenas 
651 7 |a Dolní Věstonice (Česko)  |7 ge129053  |2 czenas 
651 7 |a Pavlov (Břeclav, Česko)  |7 ge130377  |2 czenas 
651 9 |a Dolní Věstonice (Czechia)  |2 eczenas 
651 9 |a Pavlov (Břeclav, Czechia)  |2 eczenas 
655 7 |a kolektivní monografie  |7 fd501537  |2 czenas 
655 7 |a jubilejní publikace  |7 fd131839  |2 czenas 
655 9 |a collective monographs  |2 eczenas 
655 9 |a jubilee books  |2 eczenas 
700 1 |a Lázničková-Galetová, Martina  |7 mzk2009521527  |4 aut 
700 1 |a Oliva, Martin,  |d 1951-  |7 ola2004228924  |4 aut 
700 1 |a Smith, Robin Alexander,  |d 1974-  |7 xx0235993  |4 trl 
910 2 |a BOA001  |b 3-1546.865 
990 |a BK 
995 |a 01 
991 |b 202507  |c NOV 
996 6 |b 2611009713  |c 3-1546.865  |l MZK  |r Sklad / do 1 hodiny  |n 0  |p p.v.  |w 002012880  |u 000010  |a 1  |e BOA001  |j MZK50  |s P 
996 7 |b 2611009714  |c 3-1546.865  |l MZK  |r Sklad / do 1 hodiny  |n 6  |p p.v.  |w 002012880  |u 000020  |a 1  |e BOA001  |j MZK50  |s A